Maryland Counties Quiz - Sudden Death - Statistics

General Stats
  • This quiz has been taken 186 times
  • The average score is 15 of 24
Answers on the Grid
Answers color-coded by a green-red scale on the quiz's grid according to % correct below.
Adams
Allegany
Anne Arundel
Appalachian
Atlantic
Baltimore
Baltimore City
Calvert
Caroline
Carroll
Cecil
Charles
Chesapeake
Delmarva
Dixon
Dorchester
Frederick
Garrett
Hamilton
Harford
Howard
Jefferson
Kent
King George
Mason
Montgomery
Norfolk
Nothumberland
Patuxent
Piedmont
Potomac
Prince George's
Prince William
Queen Anne's
Somerset
St. Mary's
Suffolk
Talbot
Washington
Wicomico
Worcester
York
 
Answer Stats
Answer % Correct
Baltimore
88%
Anne Arundel
84%
Baltimore City
76%
Calvert
73%
Montgomery
72%
Carroll
71%
Frederick
71%
Allegany
70%
Prince George's
70%
Howard
69%
Cecil
66%
Charles
64%
Queen Anne's
62%
Harford
57%
Caroline
55%
Dorchester
55%
Garrett
55%
Kent
55%
St. Mary's
54%
Wicomico
52%
Talbot
50%
Worcester
50%
Washington
48%
Somerset
47%
No matching quizzes found
Score Distribution
Percent of People with Each Score
Percentile by Number Answered
Your Score History
You have not taken this quiz